| 000 | 00401 a2200157 4500 | ||
|---|---|---|---|
| 999 |
_c12915 _d12915 |
||
| 003 | OSt | ||
| 005 | 20240724124358.0 | ||
| 008 | 240724b ||||| |||| 00| 0 eng d | ||
| 020 | _a9781780673363 | ||
| 082 | _a741.6 | ||
| 100 | _a Steven Heller and Jason Godfrey | ||
| 245 | _a100 Classic Graphic Design Journals | ||
| 260 |
_b Laurence King Publishing ( _c 2014 |
||
| 300 | _a223p; | ||
| 942 | _2ddc | ||